Siete novelas : (Record no. 9772)
[ view plain ]
| 000 -CABECERA | |
|---|---|
| campo de control de longitud fija | 00937cam a2200241 a 4500 |
| 001 - NÚMERO DE CONTROL | |
| campo de control | 000010013 |
| 005 - FECHA Y HORA DE LA ÚLTIMA TRANSACCIÓN | |
| campo de control | 20200929161812.0 |
| 008 - DATOS DE LONGITUD FIJA--INFORMACIÓN GENERAL | |
| campo de control de longitud fija | 970825s1995 ck 000 f spa d |
| 020 ## - NÚMERO INTERNACIONAL ESTÁNDAR DEL LIBRO | |
| Número Internacional Estándar del Libro | 9582403063 |
| 040 ## - FUENTE DE LA CATALOGACIÓN | |
| Centro catalogador/agencia de origen | DO-SdBNP |
| Lengua de catalogación | spa |
| Centro/agencia transcriptor | DLC |
| Centro/agencia modificador | BNPHU |
| 082 ## - NÚMERO DE LA CLASIFICACIÓN DECIMAL DEWEY | |
| Número de clasificación | C863.44 |
| Número de documento/Ítem | M992s |
| 049 ## - FONDOS LOCALES (OCLC) | |
| Fondos de biblioteca | BNGR |
| 100 1# - ENTRADA PRINCIPAL--NOMBRE DE PERSONA | |
| Nombre de persona | Mutis, Álvaro, |
| Fechas asociadas al nombre | 1923- |
| 9 (RLIN) | 24960 |
| 245 10 - MENCIÓN DE TÍTULO | |
| Título | Siete novelas : |
| Resto del título | empresas y tribulaciones de Maqroll el Gaviero / |
| Mención de responsabilidad, etc. | Mutis. |
| 260 ## - PUBLICACIÓN, DISTRIBUCIÓN, ETC. | |
| Lugar de publicación, distribución, etc. | Bogotá : |
| Nombre del editor, distribuidor, etc. | Santillana ; |
| -- | Alfaguara, |
| Fecha de publicación, distribución, etc. | c1995. |
| 300 ## - DESCRIPCIÓN FÍSICA | |
| Extensión | 717 p. ; |
| Dimensiones | 24 cm. |
| 505 0# - NOTA DE CONTENIDO CON FORMATO | |
| Nota de contenido con formato | La Nieve del Almirante -- Ilona llega con la lluvia -- Un bel morir -- La última escala del tramp steamer -- Amirbar -- Abdul Bashur, soñador de navíos -- Tríptico de mar y tierra. |
| 500 ## - NOTA GENERAL | |
| Nota general | El segundo y tercer ejemplar son la sexta reimpresión del 2000. |
| 650 #4 - PUNTO DE ACCESO ADICIONAL DE MATERIA--TÉRMINO DE MATERIA | |
| Término de materia o nombre geográfico como elemento de entrada | Novela colombiana |
| 9 (RLIN) | 1243 |
| 650 #4 - PUNTO DE ACCESO ADICIONAL DE MATERIA--TÉRMINO DE MATERIA | |
| Término de materia o nombre geográfico como elemento de entrada | Literatura colombiana |
| 9 (RLIN) | 1244 |
| 910 ## - DATOS DE OPCIÓN DEL USUARIO (OCLC) | |
| Datos de opción del usuario | Catalogación por copia / LC |
| 910 ## - DATOS DE OPCIÓN DEL USUARIO (OCLC) | |
| Datos de opción del usuario | WM |
| Estado de retiro | Estado de pérdida | Restricciones de uso | No para préstamo | Código de colección | Localización permanente | Ubicación/localización actual | Ubicación en estantería | Fecha de adquisición | Número de inventario | Total de préstamos | Signatura topográfica completa | Código de barras | Fecha visto por última vez | Precio válido a partir de | Tipo de ítem Koha | Número de copia |
|---|---|---|---|---|---|---|---|---|---|---|---|---|---|---|---|---|
| Monografías: Libros y Folletos | General | General | Depósito | 02.10.2009 | LF1 | C863.44 M992s | 10013-10 | 25.06.2020 | 25.06.2020 | Préstamo en sala | ||||||
| Préstamo restringido | Préstamo restrigido | Monografías: Libros y Folletos | General | General | Depósito | 02.10.2009 | LF1 | C863.44 M992s | 10013-20 | 25.06.2020 | 25.06.2020 | Préstamo en sala | e.2 | |||
| Monografías: Libros y Folletos | General | General | Depósito | 02.10.2009 | LF1 | C863.44 M992s | 10013-30 | 25.06.2020 | 25.06.2020 | Préstamo en sala | e.3 |
